| 000 | 00548nam a22001697a 4500 | ||
|---|---|---|---|
| 999 |
_c13122 _d13122 |
||
| 003 | AR-CdUCM | ||
| 008 | 190411b ||||| |||| 00| 0 spa d | ||
| 040 |
_aMUNICIPALIDAD PROVINCIAL DEL CUSCO _cBIBLIOTECA MUNICIPAL DEL CUSCO |
||
| 082 |
_aC / 376.21 / _bB38 |
||
| 100 |
_aBenavente Diaz, Julio C _95010 |
||
| 245 | _aEnsayo del primer libro de lectura para la Sierra / | ||
| 260 |
_aCuzco : _bLa Económica, _c1946. |
||
| 300 |
_a56 páginas ; _c21 cm. |
||
| 650 |
_aLibro de lectura. _927572 |
||
| 942 |
_2ddc _cFOLLETOS |
||
| 945 |
_awfj _d2019-04-11 |
||